书目信息 |
| 题名: |
Linux操作系统案例教程
|
|
| 作者: | 彭英慧 主编 | |
| 分册: | ||
| 出版信息: | 北京 机械工业出版社 2022 |
|
| 页数: | 240页 | |
| 开本: | 26cm | |
| 丛书名: | 高等院校系列教材 | |
| 单 册: | ||
| 中图分类: | TP316.85 | |
| 科图分类: | ||
| 主题词: | Linux操作系统--Linuxcao zuo xi tong--高等学校--教材 | |
| 电子资源: | ||
| ISBN: | 978-7-111-69892-0 | |
| 000 | 01306oam2 2200277 450 | |
| 001 | 011025150647 | |
| 005 | 20221025150647.0 | |
| 010 | @a978-7-111-69892-0@dCNY65.00 | |
| 100 | @a20201004d2022 em y0chiy0120 ea | |
| 101 | 0 | @achi |
| 102 | @aCN@b110000 | |
| 105 | @ay z 000yy | |
| 106 | @ar | |
| 200 | 1 | @aLinux操作系统案例教程@ALinuxcao zuo xi tong an li jiao cheng@f彭英慧主编 |
| 210 | @a北京@c机械工业出版社@d2022 | |
| 215 | @a240页@c图@d26cm | |
| 225 | 2 | @a高等院校系列教材@Agao deng yuan jiao xi lie jiao cai@i计算机类专业 |
| 300 | @a高校师生 | |
| 320 | @a有书目 ( 第240页 ) | |
| 330 | @a本书内容全面,不仅包含Linux基本知识,基本操作,还包括常见的网络服务器配置以及Shell编程的内容。紧密结合红帽认证的内容,精心选取实用的内容更新知识,覆盖面广,内容适中、适用于教学用书;采用案例讲解,步骤详尽、结构严谨、内容丰富、通俗易懂,理论和实际相结合,配套资源丰富,包括教学课件、电子教案,授课计划等,全部案例微课,案例内容源于编者的工作经验和教学经验,实现教、学、做的完美统一,学生理解起来比较容易,着力培养学生分析实际问题和解决实际问题的能力。 | |
| 410 | 0 | @12001 @a高等院校系列教材 |
| 606 | 0 | @aLinux操作系统@ALinuxcao zuo xi tong@x高等学校@j教材 |
| 690 | @aTP316.85@v5 | |
| 701 | @a彭英慧@Apeng ying hui@4主编 | |
| 801 | 0 | @aCN@c20221025 |
| 905 | @a河南城建学院图书馆@dTP316.85@eP582 | |
| Linux操作系统案例教程/彭英慧主编.-北京:机械工业出版社,2022 |
| 240页:图;26cm.-(高等院校系列教材.计算机类专业) |
| 高校师生 |
| ISBN 978-7-111-69892-0:CNY65.00 |
| 本书内容全面,不仅包含Linux基本知识,基本操作,还包括常见的网络服务器配置以及Shell编程的内容。紧密结合红帽认证的内容,精心选取实用的内容更新知识,覆盖面广,内容适中、适用于教学用书;采用案例讲解,步骤详尽、结构严谨、内容丰富、通俗易懂,理论和实际相结合,配套资源丰富,包括教学课件、电子教案,授课计划等,全部案例微课,案例内容源于编者的工作经验和教学经验,实现教、学、做的完美统一,学生理解起来比较容易,着力培养学生分析实际问题和解决实际问题的能力。 |
| ● |
| 相关链接 |
|
|
|
正题名:Linux操作系统案例教程
索取号:TP316.85/P582
 
预约/预借
| 序号 | 登录号 | 条形码 | 馆藏地/架位号 | 状态 | 备注 |
| 1 | 1584975 | 215849759 | 自科库301/301自科库 58排5列1层/ [索取号:TP316.85/P582] | 在馆 |